<?xml version="1.0" encoding="UTF-8"?>
<marc:record xmlns:marc="http://www.loc.gov/MARC21/slim">
   <marc:leader>00000nam a2200000 a 4500</marc:leader>
   <marc:datafield ind1="1" ind2=" " tag="100">
      <marc:subfield code="a">Sturm, James</marc:subfield>
      <marc:subfield code="4">aut</marc:subfield>
      <marc:subfield code="e">Verfasser/-in</marc:subfield>
   </marc:datafield>
   <marc:datafield ind1=" " ind2=" " tag="653">
      <marc:subfield code="a">Juden</marc:subfield>
   </marc:datafield>
   <marc:datafield ind1=" " ind2=" " tag="653">
      <marc:subfield code="a">Familie</marc:subfield>
   </marc:datafield>
   <marc:datafield ind1=" " ind2=" " tag="653">
      <marc:subfield code="a">Teppichweber</marc:subfield>
   </marc:datafield>
   <marc:datafield ind1=" " ind2=" " tag="653">
      <marc:subfield code="a">Armut</marc:subfield>
   </marc:datafield>
   <marc:datafield ind1=" " ind2=" " tag="653">
      <marc:subfield code="a">Comic</marc:subfield>
   </marc:datafield>
   <marc:datafield ind1="0" ind2="0" tag="245">
      <marc:subfield code="a">Markttag</marc:subfield>
   </marc:datafield>
   <marc:datafield ind1="0" ind2="0" tag="245">
      <marc:subfield code="c">James Sturm. [Aus dem Amerikan. von Tina Hohl. Hrsg.: Michael Groenewald</marc:subfield>
   </marc:datafield>
   <marc:datafield ind1=" " ind2="1" tag="264">
      <marc:subfield code="a">Berlin</marc:subfield>
      <marc:subfield code="b">Reprodukt</marc:subfield>
      <marc:subfield code="c">2011</marc:subfield>
   </marc:datafield>
   <marc:datafield ind1=" " ind2=" " tag="250">
      <marc:subfield code="a">1. Aufl.</marc:subfield>
   </marc:datafield>
   <marc:datafield ind1="1" ind2=" " tag="520">
      <marc:subfield code="a">Angaben aus der Verlagsmeldung

Markttag / von James Sturm

Der Teppichknüpfer Mendelmann ist konsterniert, als er feststellen muss, dass der Laden, in dem er seine kunstvollen Arbeiten zu verkaufen pflegte, quasi über Nacht nur noch industriell gefertigte Massenware führt. Im verzweifelten Ringen um einen Abnehmer für seine Teppiche sieht Mendelmann an diesem Markttag nicht nur die Existenz seiner Familie in Gefahr, sondern mehr und mehr auch die eigene Identität…

In klaren Bildern zeichnet James Sturm ein unsentimentales Porträt jüdischen Lebens im Osteuropa des frühen 20. Jahrhunderts. Zudem gelingt ihm eine zeitlose Erzählung darüber, wie gesellschaftliche und ökonomische Zwänge sich im Schicksal jedes Einzelnen niederschlagen.
</marc:subfield>
   </marc:datafield>
   <marc:datafield ind1=" " ind2=" " tag="020">
      <marc:subfield code="a">9783941099715</marc:subfield>
      <marc:subfield code="9">9783941099715</marc:subfield>
   </marc:datafield>
   <marc:datafield ind1=" " ind2=" " tag="041">
      <marc:subfield code="a">ger</marc:subfield>
   </marc:datafield>
   <marc:datafield ind1=" " ind2=" " tag="300">
      <marc:subfield code="a">96] S.</marc:subfield>
   </marc:datafield>
</marc:record>
